000 00682nam a2200241Ia 4500
003 OSt
005 20220923224007.0
006 a|||||r|||| 00| 0
007 ta
008 Pun
024 _a223,959
037 _cTextual
040 _aARTS
_cARTS
_bPun
041 _2Pun
_aPun
082 _aO153,1NMAx, K7
100 _aਮਾਰਕੰਡਾ, ਸੀ
245 0 _aਸੂਰਜ ਦਾ ਜਨਮ
260 _aਬਰਨਾਲਾ
_b ਮੁਹਾਂਦਰਾ ਪ੍ਰਕਾFਨ
_c1967
300 _a80ਪੰ
_ccm.
650 _aਪੰਜਾਬੀ ਸਾਹਿਤ
942 _hO153,1NMAx, K7
_cTEXL
_2CC
999 _c368590
_d368590